| 000 | 00461nam a2200169 a 4500 | ||
|---|---|---|---|
| 001 | 3068 | ||
| 005 | 20140414131928.0 | ||
| 008 | 060131s19uu xx 00 eng d | ||
| 020 | _a0-448-43196-3 | ||
| 050 |
_aER _bSn6 2004 |
||
| 100 | _aEding, June | ||
| 245 |
_aSnow magic / _cby June Eding ; illustrated by Sarah Beise. |
||
| 260 |
_aNew York : _bGrosset & Dunlap, _c2004. |
||
| 300 | _a1 v. p. : ill. ; cm. | ||
| 650 |
_aSnows _xFiction. |
||
| 999 |
_c112135 _d112135 |
||